| 000 | 00373nam a22001577a 4500 | ||
|---|---|---|---|
| 005 | 20170401135756.0 | ||
| 008 | 170401b xxu||||| |||| 00| 0 eng d | ||
| 020 | _a978-93-5140-480-4 | ||
| 041 | _aeng | ||
| 100 |
_aPRAKSH,SATYA _93737 |
||
| 245 | _aENGINEERING PHYSICS | ||
| 260 |
_bPRAGATI PRAKASHAN _c2015 |
||
| 300 | _a296 | ||
| 650 |
_aENGINEERING _93763 |
||
| 942 | _cBK | ||
| 999 |
_c5374 _d5372 |
||